MARC

LEADER 00000nam0a2200000 4500
001 220267
005 20231101230324.0
010 |a 0194372170 
035 |a (RuTPU)RU\TPU\book\240388 
090 |a 220267 
100 |a 20120821d2004 km y0engy50 ba 
101 0 |a eng 
102 |a GB 
105 |a y z 001zy 
200 1 |a A Cognitive Approach to Language Learning  |f P. Skehan 
210 |a Oxford  |c Oxford University Press  |d 2004 
215 |a 324 p. 
225 1 |a Oxford Applied Linguistics 
320 |a Bibliography: p. 295-313. 
320 |a Index: p.314-324. 
606 1 |a Английский язык  |x Содержание и методика преподавания языка в высшей школе  |2 stltpush  |3 (RuTPU)RU\TPU\subj\29068  |9 52480 
610 1 |a лексика 
610 1 |a лексико-грамматические навыки 
610 1 |a лингвистика 
610 1 |a языкознание 
610 1 |a методика 
610 1 |a обучение 
686 |a Ш143.21-91  |v LBC/SL-A  |2 rubbk 
700 1 |a Skehan  |b P.  |g Peter 
801 1 |a RU  |b 63413507  |c 20120821 
801 2 |a RU  |b 63413507  |c 20120912  |g RCR 
942 |c BK